| 000 | 00758nam a2200205 i 4500 | ||
|---|---|---|---|
| 001 | 55216 | ||
| 003 | ES-MaACL | ||
| 005 | 20251003185426.0 | ||
| 007 | t| | ||
| 008 | 030916s1950 sp ||||1| spa d | ||
| 100 | 1 |
_aDella Corte, Andrea. _943532 |
|
| 245 | 1 | 0 |
_aHistoria de la música / _cA. Della Corte, G. Pannain ; traducción de la segunda edición italiana ampliada y anotada bajo la dirección de Higinio Anglés. |
| 260 |
_aBarcelona : _bLabor, _c[1950] ( _fTalls. Gráf. Ibero-Americanos) |
||
| 300 |
_a2 t., 180 lám. : _bil. ; _c28 cm. |
||
| 650 | 4 |
_aMúsica- _vHistoria _915391 |
|
| 700 | 1 |
_aPannain, G. _988799 |
|
| 700 | 1 |
_aAnglés, Higinio, _d1888-1969 _921747 |
|
| 852 |
_aES-MaACL _jD-7096-97 _bR.30505 |
||
| 999 |
_c55216 _d55216 |
||